00558nam a2200193 a 450000100060000000300080000600500170001400800410003103500200007204000320009204100080012408200280013211000390016024500570019925000120025626000450026830000200031365000310033340823BD-RjUL20211209053301.0160510s1975 cc 000 0 eng  a(BD-RjUL) 40938 aDLCcDLCdMYGdBD-RjULbeng1 aeng 223a342.51023bCON 19751 aChina.tHsien fa (1975).lEnglish.14aThe Constitution of the People's Republic of China / a1st ed. aPeking :bForeign Languages Press,c1975 a61 p. ;c19 cm. 0aConstitutional lawzChina.